Our Dialogue : PLUS the Religious Editor Arab News Jeddah (Record no. 62424)
[ view plain ]
| 000 -LEADER | |
|---|---|
| fixed length control field | 00497nam a22001937a 4500 |
| 003 - CONTROL NUMBER IDENTIFIER | |
| control field | NUST - PNEC |
| 005 - DATE AND TIME OF LATEST TRANSACTION | |
| control field | 20170116180748.0 |
| 008 - FIXED-LENGTH DATA ELEMENTS--GENERAL INFORMATION | |
| fixed length control field | 150223b xxu||||| |||| 00| 0 eng d |
| 020 ## - INTERNATIONAL STANDARD BOOK NUMBER | |
| International Standard Book Number | - |
| 040 ## - CATALOGING SOURCE | |
| Transcribing agency | LIBRARY |
| 082 ## - DEWEY DECIMAL CLASSIFICATION NUMBER | |
| Classification number | 297.63 SAL |
| 100 ## - MAIN ENTRY--PERSONAL NAME | |
| 9 (RLIN) | 1459 |
| Personal name | Salahi,Adil |
| 245 ## - TITLE STATEMENT | |
| Title | Our Dialogue : PLUS the Religious Editor Arab News Jeddah |
| Statement of responsibility, etc. | Adil Salahi |
| 250 ## - EDITION STATEMENT | |
| Edition statement | - |
| 260 ## - PUBLICATION, DISTRIBUTION, ETC. | |
| Place of publication, distribution, etc. | Jeddah |
| Name of publisher, distributor, etc. | Adil Salahi |
| Date of publication, distribution, etc. | c.1994 |
| 300 ## - PHYSICAL DESCRIPTION | |
| Extent | 292 p. : |
| 650 ## - SUBJECT ADDED ENTRY--TOPICAL TERM | |
| 9 (RLIN) | 1463 |
| Topical term or geographic name entry element | Religien |
| General subdivision | MIS |
| 942 ## - ADDED ENTRY ELEMENTS (KOHA) | |
| Source of classification or shelving scheme | |
| Koha item type | Book |
| Withdrawn status | Lost status | Source of classification or shelving scheme | Damaged status | Not for loan | Permanent Location | Current Location | Shelving location | Date acquired | Source of acquisition | Cost, normal purchase price | Total Checkouts | Full call number | Barcode | Date last seen | Cost, replacement price | Price effective from | Koha item type |
|---|---|---|---|---|---|---|---|---|---|---|---|---|---|---|---|---|---|
| Pakistan Navy Engineering College (PNEC) | Pakistan Navy Engineering College (PNEC) | 01/24/1995 | PN Book Club / Library Ref Grant | 225.00 | 297.63 SAL | PNECLIB-017813 | 02/23/2015 | 225.00 | 01/24/1995 | Book | |||||||
| Pakistan Navy Engineering College (PNEC) | Pakistan Navy Engineering College (PNEC) | 01/29/1995 | PN Book Club | 0.00 | 297.63 SAL | PNECLIB-017814 | 04/13/2015 | 0.00 | 01/29/1995 | Book | |||||||
| Pakistan Navy Engineering College (PNEC) | Pakistan Navy Engineering College (PNEC) | 01/24/1995 | PN Book Club | 0.00 | 297.63 SAL | PNECLIB-017819 | 04/13/2015 | 0.00 | 01/24/1995 | Book | |||||||
| Pakistan Navy Engineering College (PNEC) | Pakistan Navy Engineering College (PNEC) | 297.63 SAL | PNECLIB-017818 | 08/13/2015 | Book | ||||||||||||
| Pakistan Navy Engineering College (PNEC) | Pakistan Navy Engineering College (PNEC) | 297.63 SAL | PNECLIB-017817 | 08/18/2015 | Book | ||||||||||||
| Pakistan Navy Engineering College (PNEC) | Pakistan Navy Engineering College (PNEC) | 297.63 SAL | PNECLIB-017812 | 08/18/2015 | Book | ||||||||||||
| Pakistan Navy Engineering College (PNEC) | Pakistan Navy Engineering College (PNEC) | 297.63 SAL | PNECLIB-017815 | 08/18/2015 | Book | ||||||||||||
| Pakistan Navy Engineering College (PNEC) | Pakistan Navy Engineering College (PNEC) | 297.63 SAL | PNECLIB-017816 | 10/02/2015 | Book |
